Tìm hiểu tình hình gia tăng dân số, ảnh hưởng của nó đến hoạt động kinh tế - xã hội và việc thực hiện chính sách dân số của huyện Thanh Chương, tỉnh Nghệ An
Cơ sở lí luận chung. Tình hình GTDS và ảnh hưởng của nó đến hoạt động KT - XH huyện Thanh Chương. Việc thực hiện chính sách dân số và các biện pháp phát triển dân số huyện Thanh Chương
Đã lưu trong:
| Príomhúdar: | |
|---|---|
| Údair Eile: | |
| Formáid: | Leabhar |
| Teanga: | Vietnamese |
| Foilsithe: |
Đại học Đà Nẵng
Trường đại học Sư Phạm
2010
|
| Sraith: | Khóa luận tốt nghiệp Đại học. Chuyên ngành: Sư phạm địa lí
|
| Ábhair: | |
| Clibeanna: |
Cuir Clib Leis
Gan Chlibeanna, Bí ar an gcéad duine leis an taifead seo a chlibeáil!
|
| Thư viện lưu trữ: | Mạng thư viện Đại học Đà Nẵng |
|---|
| LEADER | 01700nam a2200349 4500 | ||
|---|---|---|---|
| 001 | 000011130 | ||
| 003 | 7361 | ||
| 005 | 20120202100258.0 | ||
| 008 | 120202s2010 viesd | ||
| 041 | |a vie | ||
| 072 | |a Khóa luận tốt nghiệp | ||
| 082 | |a 304.6 |b NG-K | ||
| 100 | |a Nguyễn, Thị Khuyên | ||
| 245 | |a Tìm hiểu tình hình gia tăng dân số, ảnh hưởng của nó đến hoạt động kinh tế - xã hội và việc thực hiện chính sách dân số của huyện Thanh Chương, tỉnh Nghệ An |c Nguyễn, Thị Khuyên | ||
| 260 | |a Đại học Đà Nẵng |b Trường đại học Sư Phạm |c 2010 | ||
| 300 | |a 67 tr. |b Bản đồ+ ảnh mhọa |c 29 cm | ||
| 490 | |a Khóa luận tốt nghiệp Đại học. Chuyên ngành: Sư phạm địa lí | ||
| 500 | |a Tham khảo tr.67 | ||
| 520 | |a Cơ sở lí luận chung. Tình hình GTDS và ảnh hưởng của nó đến hoạt động KT - XH huyện Thanh Chương. Việc thực hiện chính sách dân số và các biện pháp phát triển dân số huyện Thanh Chương | ||
| 653 | |a Khóa luận tốt nghiệp đại học | ||
| 653 | |a Khoa Địa lí | ||
| 700 | |a Trương, Phước minh |c T.S |e Hướng dẫn | ||
| OWN | |a LSP | ||
| AVA | |a UDN50 |b LSP |d 304.6 NG-K |e available |t Error 5001 Not defined in file expand_doc_bib_avail. |f 1 |g 0 |h N |i 0 |k 1 | ||
| 999 | |a From the UDN01 | ||
| AVA | |a UDN50 |b LSP |d 304.6 NG-K |e available |t Error 5001 Not defined in file expand_doc_bib_avail. |f 1 |g 0 |h N |i 0 |k 1 | ||
| TYP | |a Monograph | ||
| TYP | |a Printed language | ||
| 980 | |a Mạng thư viện Đại học Đà Nẵng | ||